[Event "BLR-ch U20"]
[Site "Minsk"]
[Date "2016.04.06"]
[Round "5"]
[White "Babenkov, Pavel"]
[Black "Terzi, Alexei"]
[Result "0-1"]
[WhiteElo "2195"]
[BlackElo "2328"]
[PlyCount "148"]
[EventDate "2016.04.02"]
[EventType "tourn"]
[EventRounds "7"]
[EventCountry "BLR"]
[EventCategory "1"]
[SourceTitle "CBM 171 Extra"]
[Source "ChessBase"]
[SourceDate "2016.04.26"]
[SourceVersion "1"]
[SourceVersionDate "2016.04.26"]
[SourceQuality "1"]

1. e4 e6 2. d4 d5 3. Nc3 Bb4 4. e5 Ne7 5. a3 Bxc3+ 6. bxc3 c5 7. Qg4 0-0 8. Bd3 f5 9. exf6 Rxf6 10. Bg5 Rf7 11. Qh4 h6 12. Nf3 hxg5 13. Qh7+ Kf8 14. Qh8+ Ng8 15. Bh7 Ke7 16. Bxg8 Kd6 17. dxc5+ Kxc5 18. Nxg5 Rf8 19. Qxg7 Rxg8 20. Qd4+ Kc6 21. h4 e5 22. Qe3 Qf6 23. 0-0-0 Bg4 24. f3 Bf5 25. g4 Be6 26. c4 d4 27. Qe4+ Kc7 28. f4 Nc6 29. fxe5 Qe7 30. c5 Rad8 31. Rhf1 Bc4 32. Rf6 Qxc5 33. Qf3 Qxe5 34. Qf4 Qxf4+ 35. Rxf4 Rdf8 36. Rdf1 Bxf1 37. Rxf8 Rxf8 38. Ne6+ Kd6 39. Nxf8 Ke7 40. Ng6+ Kf6 41. Nf4 Ne5 42. Nh5+ Kf7 43. Ng3 Bh3 44. Nf5 Bxg4 45. Nxd4 a6 46. Kb2 Nf3 47. Nb3 Nxh4 48. Kc3 Ke7 49. Nc5 Bc8 50. Kb4 Kd6 51. a4 Kc6 52. a5 Bf5 53. c4 Nf3 54. Nb3 Bc2 55. Nc1 Nd4 56. Na2 Ne2 57. Ka3 Kc5 58. Nb4 Be4 59. Kb3 Nd4+ 60. Kc3 Nc6 61. Na2 Nxa5 62. Nc1 b6 63. Na2 Nxc4 64. Nb4 Kb5 65. Na2 Nd6 66. Nc1 a5 67. Ne2 Kc5 68. Nc1 a4 69. Na2 Nb5+ 70. Kb2 a3+ 71. Ka1 Bd5 72. Nc1 Bc4 73. Kb1 Nd4 74. Ka1 Nb3+ 0-1